Gaming Quiz

Random Gaming or Console Quiz
Score 0/25 Timer 05:00
0 Plays Today
Year Console % Correct
1995Playstation
93.5%
2001Xbox
92.6%
2006Nintendo Wii
88%
1989Gameboy
87%
2006Playstation 3
87%
2000Playstation 2
84.3%
2013Playstation 4
82.4%
1985Nintendo Entertainment System
78.7%
2005Xbox 360
78.7%
1991SNES
77.8%
2013Xbox one
76.9%
2004 Nintendo DS
75.9%
2012Wii U
73.1%
Year Console % Correct
1990Genesis
67.6%
2011Nintendo 3DS
66.7%
2005Playstation Portable
63.9%
2001Gamecube
55.6%
2012PS vita
55.6%
1976Pong
54.6%
1986Master System
52.8%
1996N64
51.9%
1999Dreamcast
49.1%
2001Game Boy Advance
46.3%
1995Saturn
39.8%
1998Game Boy Colour
26.9%
Remove Ads.
Support Sporcle.
Get the best of Sporcle when you Go Orange. This ad-free experience offers more features, more stats, and more fun while also helping to support Sporcle. Thank you for becoming a member.

You're not logged in!

Compare scores with friends on all Sporcle quizzes.
OR
Log In

Show Comments

Extras

Created Jan 9, 2015ReportNominate
Tags:Console Quiz, Released, timeline

Top Quizzes Today


Score Distribution

Your Account Isn't Verified!

In order to create a playlist on Sporcle, you need to verify the email address you used during registration. Go to your Sporcle Settings to finish the process.

Report this User

Report this user for behavior that violates our Community Guidelines.

Details: